Paroles - Poème sur la 7e - Johnny Hallyday - Statistiques

Statistiques générales
  • Ce quiz a été pris 23 fois
  • Le résultat moyen est 144 sur 222
Statistiques - réponses
Réponse % Correct
a
100%
à
100%
a
100%
la
100%
et
93%
et
93%
et
93%
le
93%
le
93%
de
87%
des
87%
des
87%
Qui
87%
me
87%
Qui
87%
qui
87%
avait
80%
ce
80%
enfants
80%
enfants,
80%
moi.
80%
mon
80%
plage?
80%
pour
80%
tout
80%
y
80%
Ça
73%
73%
du
73%
Elle
73%
il
73%
ne
73%
pas
73%
une
73%
cela
67%
cette
67%
être
67%
que
67%
sable
67%
sable,
67%
si
67%
sur
67%
Vous
67%
vous
67%
Vous
67%
vrai,
67%
vrai?
67%
C'est
60%
c'est
60%
dans
60%
dans
60%
existé.
60%
était
60%
existé?
60%
fleurs
60%
fleurs,
60%
jouaient
60%
oiseaux?
60%
qu'il
60%
très
60%
vraiment
60%
Vraiment,
60%
Vraiment?
60%
aimé
53%
arbres,
53%
belle.
53%
bien
53%
cascade?
53%
chaque
53%
creux
53%
Dites,
53%
dites
53%
dune?
53%
êtes
53%
fois
53%
fraîche
53%
l'eau,
53%
maison
53%
marché
53%
moquez
53%
n'est
53%
rivière?
53%
rivière.
53%
son
53%
Allons,
47%
allons,
47%
autour?
47%
blanc?
47%
chemin?
47%
couru
47%
Est-ce
47%
J'ai
47%
l'herbe,
47%
nagé
47%
photo
47%
plus
47%
qu'elle
47%
racontez
47%
racontez
47%
seule
47%
toucher
47%
truquée?
47%
voir
47%
besoin
40%
cailloux,
40%
corps
40%
croire.
40%
descendait
40%
d'histoires.
40%
J'aurais
40%
menait
40%
mes
40%
montagne?
40%
photos
40%
plonger
40%
pouvez
40%
prétendez
40%
sûrs
40%
doigts.
33%
entre
33%
jaunes
33%
m'affirmez,
33%
Montrez-moi
33%
galets
27%
m'assurer
27%
pierres,
27%
maisons?
20%
rivières,
20%
chemins,
7%
Dites-moi,
0%
Aucun quiz correspondant
Distribution des résultats
% des personnes avec chaque résultat
Percentile par nombre de réponses
Votre historique - résultats
Vous n’avez pas pris ce quiz